000 00206nam a2200085 4500
001 1237825
005 20251003123656.0
245 _aBENİM ÇİÇEKLARİM ATESTE AÇAR
_cAHMET GÜNBAY YILDIZ
260 _bTİMAŞ
999 _c1237825
_d1237825